| 000 | 00838nam a22001937a 4500 | ||
|---|---|---|---|
| 999 |
_c176287 _d176287 |
||
| 005 | 20201230151017.0 | ||
| 010 | _aUR-10961 | ||
| 020 |
_c250.00 _a9789390100293 |
||
| 035 | _aU-9516 | ||
| 037 | _bDBAD/PUB | ||
| 082 | _a843.08 | ||
| 100 | _aمحی ا لد ين زور کشمير ی | ||
| 245 |
_aمنا ظر عا شق ہر گا نو ی کا نا و ل "شبنمی لمس کے بعد"ا يک ڈ سکو ر س _cمحی ا لد ين زور کشمير ی |
||
| 246 |
_bManazir Ashiq Harganvi Ka Novel "Shabnami Lams Ke Bad"Ek Discourse (Urdu) _aMohiuddin Zore Kashmiri |
||
| 260 |
_aN.Delhi _bEducational Publishing House _c2020 ء |
||
| 270 |
_aH.O.D1/16,Ansari Road,Darya ganj, _bN.Delhi _e110002 _k45678285,23216162 _l0091-11-23211540 |
||
| 300 |
_a312 ص _c22 Cm(Hb) |
||
| 942 |
_2ddc _cUR _h843.08 _mم ح ی |
||